000 01283cam a22003618a 4500
001 2687
003 FISKH
005 20240110112017.0
008 091105s2010 nyu d 000 1 eng
010 _a 2009041042
020 _a9780439023511 (hardcover)
020 _a0439023513 (hardcover)
020 _a9780439023542
040 _aDLC
_cDLC
_beng
042 _alcac
050 0 0 _aPZ7.C6837
_bMoc 2010
082 0 0 _a[Fic]
_222
100 1 _aCollins, Suzanne.
245 1 0 _aMockingjay /
_cby Suzanne Collins.
250 _aFirst Scholastic paperback printing, September 2011
260 _aNew York :
_bScholastic,
_c2010
300 _a390 pages :
_c21 cm
490 0 _aThe Hunger Games ;
_vBook 3
520 _aKatniss Everdeen's having survived the Hunger games twice makes her a target of the Capitol and President Snow, as well as a hero to the rebels who will succeed only if Katniss is willing to put aside her personal feelings and serve as their pawn.
650 1 _aInsurgency
_vFiction.
650 1 _aSurvival
_vFiction.
650 1 _aTelevision programs
_vFiction.
650 1 _aInterpersonal relations
_vFiction.
650 1 _aContests
_vFiction.
650 1 _aScience fiction.
906 _a7
_bcbc
_corignew
_d1
_eecip
_f20
_gy-gencatlg
942 _2ddc
_cBK
_n0
999 _c2687
_d2687